• 首页
  • 本馆介绍
  • 公告通知
  • 最新文献
  • 馆藏检索
  • 电子资源
  • 读者导购
  • 参考咨询
  • 我的图书馆
  • 登录
  • 详细信息显示
  • 放入我的书架
  • 预约/预借图书
  • 作者相关作品
  • 分类相关作品
  • 丛书相关作品
  • 出版社相关作品

书目信息

  • 表格格式
  • 工作单格式
  • 卡片格式
题名:
苹果树腐烂病发生规律和防治研究
    
 
作者: 陈策 主编
分册:  
出版信息: 北京   中国农业科学技术出版社  2009
页数: 212页
开本: 26cm
丛书名:
单 册:
中图分类: S436.611.1
科图分类:
主题词: 苹果--腐烂病--研究 , 苹果 , 腐烂病
电子资源:
ISBN: 978-7-80233-770-1
000 00837nam0 2200253 45
001 1033050687
005 20100407164418.31
010    @a978-7-80233-770-1@dCNY40.00
100    @a20100401d2009 em y0chiy50 ea
101 0  @achi
102    @aCN@b110000
105    @aa z 000yy
106    @ar
200 1  @a苹果树腐烂病发生规律和防治研究@APing Guo Shu Fu Lan Bing Fa Sheng Gui Lu^ He Fang Zhi Yan Jiu@f陈策主编@FChen Ce Zhu Bian
210    @a北京@c中国农业科学技术出版社@d2009
215    @a212页@c彩图@d26cm
330    @a本书分四部分:总结报告2篇;1961年以来形成的年度和专题报告24篇;综述、译文、考察报告8篇;附录5篇。
606 0  @a苹果@x腐烂病@x研究
606 0  @a苹果
606 0  @a腐烂病
690    @aS436.611.1@v4
701  0 @a陈策@AChen Ce@4主编
801  0 @aCN@bTANGWEI@c20100407
905    @b0587862-64@dS436.611.1@e62@f3
    
    苹果树腐烂病发生规律和防治研究/陈策主编.-北京:中国农业科学技术出版社,2009
    212页:彩图;26cm
    
    
    ISBN 978-7-80233-770-1:CNY40.00
    本书分四部分:总结报告2篇;1961年以来形成的年度和专题报告24篇;综述、译文、考察报告8篇;附录5篇。
●
相关链接 在E读中查询图书 在五车中查询图书 在当当中查询图书 在豆瓣中查询图书


正题名:苹果树腐烂病发生规律和防治研究     索取号:S436.611.1/62         预约/预借

序号 登录号 条形码 馆藏地/架位号 状态 备注
1 0587862   205878629   第二样本阅览室/ [索取号:S436.611.1/62] 在馆    
2 0587863   205878638   第三借阅区/ [索取号:S436.611.1/62] 在馆    
3 0587864   205878647   第三借阅区/ [索取号:S436.611.1/62] 在馆    
唐山师范学院图书馆 欢迎您!
大连网信软件有限公司© 版权所有